| 000 | 00639nam a2200253 a 4500 | ||
|---|---|---|---|
| 001 | nice12345678 | ||
| 003 | IN_TiNIC | ||
| 005 | 20260116012824.0 | ||
| 008 | 050524s1964 cala grp 000 0 eng | ||
| 020 |
_a _c100 |
||
| 082 | 0 | 0 |
_a891.448 _bTAG |
| 100 | _aTagore, Rabindranath | ||
| 245 | _aBoundless Sky, Transl. from Bengali | ||
| 260 |
_aCalcutta _bVisva Bharty Book Shop _c1964 |
||
| 300 | _a470p | ||
| 500 | _aincludes index and biblioraphy | ||
| 505 | 2 | _aNotes | |
| 650 | _aBengali-Literature | ||
| 650 | _aRabindra Nath Tagore | ||
| 700 | 1 | _aTagore, Rabindranath | |
| 902 | _bSRS | ||
| 942 | _cBK | ||
| 999 |
_c8522 _d8522 |
||